Reliability and optimization of structural systems : (Record no. 16172)
[ view plain ]
| 000 -LEADER | |
|---|---|
| fixed length control field | 01325cas a2200349 a 4500 |
| 001 - CONTROL NUMBER | |
| control field | 11453597 |
| 005 - DATE AND TIME OF LATEST TRANSACTION | |
| control field | 20040314174718.0 |
| 008 - FIXED-LENGTH DATA ELEMENTS--GENERAL INFORMATION | |
| fixed length control field | 950131s1995enkar |r 101 0 eng |
| 010 ## - LIBRARY OF CONGRESS CONTROL NUMBER | |
| LC control number | 95645948 |
| 020 ## - INTERNATIONAL STANDARD BOOK NUMBER | |
| International Standard Book Number | 0412636301 |
| 020 ## - INTERNATIONAL STANDARD BOOK NUMBER | |
| International Standard Book Number | 9780412636301 |
| 035 ## - SYSTEM CONTROL NUMBER | |
| System control number | (OCoLC)ocm31911596 |
| 040 ## - CATALOGING SOURCE | |
| Original cataloging agency | DLC |
| Transcribing agency | DLC |
| Modifying agency | MiU |
| -- | OCoLC |
| 042 ## - AUTHENTICATION CODE | |
| Authentication code | lc |
| 050 00 - LIBRARY OF CONGRESS CALL NUMBER | |
| Classification number | TA658.8 |
| Item number | .I45a |
| 082 00 - DEWEY DECIMAL CLASSIFICATION NUMBER | |
| Classification number | 624.17 |
| Edition number | 22 |
| Item number | REL |
| 111 2# - MAIN ENTRY--MEETING NAME | |
| Meeting name or jurisdiction name as entry element | IFIP WG 7.5 Working Conference. |
| 9 (RLIN) | 27635 |
| 245 10 - TITLE STATEMENT | |
| Title | Reliability and optimization of structural systems : |
| Remainder of title | Proceedings of the Sixth IFIP WG7.5 working conference on Reliability and Optimization of Structural Systems, 1994 / |
| Statement of responsibility, etc | Edited by Rudiger Rackwitz; Guiliano Augusti; Antonio Borri |
| 260 ## - PUBLICATION, DISTRIBUTION, ETC. (IMPRINT) | |
| Place of publication, distribution, etc | London : |
| Name of publisher, distributor, etc | Chapman & Hall, 1995. |
| Date of publication, distribution, etc | 1995 |
| 300 ## - PHYSICAL DESCRIPTION | |
| Extent | vii, 312 p. : |
| Other physical details | ill. ; |
| Dimensions | 24 cm. |
| 310 ## - CURRENT PUBLICATION FREQUENCY | |
| Current publication frequency | Annual |
| 362 0# - DATES OF PUBLICATION AND/OR SEQUENTIAL DESIGNATION | |
| Dates of publication and/or sequential designation | Lst (1987)- |
| 590 ## - LOCAL NOTE (RLIN) | |
| Local note | SERBIB/SERLOC merged record |
| 650 #0 - SUBJECT ADDED ENTRY--TOPICAL TERM | |
| Topical term or geographic name as entry element | Structural optimization |
| Form subdivision | Congresses. |
| 9 (RLIN) | 27636 |
| 650 #0 - SUBJECT ADDED ENTRY--TOPICAL TERM | |
| Topical term or geographic name as entry element | Reliability (Engineering) |
| Form subdivision | Congresses. |
| 9 (RLIN) | 27637 |
| 653 ## - INDEX TERM--UNCONTROLLED | |
| Resource For college | |
| Arrived date list | October2011 |
| 700 ## - ADDED ENTRY--PERSONAL NAME | |
| 9 (RLIN) | 27638 |
| Personal name | Augusti, Guiliano |
| 700 ## - ADDED ENTRY--PERSONAL NAME | |
| 9 (RLIN) | 27639 |
| Personal name | Borri, Antonio |
| 942 ## - ADDED ENTRY ELEMENTS (KOHA) | |
| Source of classification or shelving scheme | Dewey Decimal Classification |
| Item type | Book - Borrowing |
| Withdrawn status | Item status | Source of classification or shelving scheme | Damaged status | Not for loan | Vendor | Home library | Current library | Shelving location | Date acquired | Source of acquisition | Cost, normal purchase price | Total Checkouts | Full call number | Barcode | Date last seen | Koha item type |
|---|---|---|---|---|---|---|---|---|---|---|---|---|---|---|---|---|
| Dewey Decimal Classification | سور الازبكية | Central Library | Central Library | First floor | 27/10/2011 | 160.00 | 624.17 REL | 000025511 | 15/07/2025 | Book - Borrowing |